| 000 | 00591cab a2200205 4500 | ||
|---|---|---|---|
| 001 | WB2730-16 | ||
| 008 | 090401t1991 xxu||||| |||| 00| 0 eng d | ||
| 035 | _a(Sirsi) u50616 | ||
| 041 | _aeng | ||
| 245 | _aGrants system to be reviewed | ||
| 260 | _c1991 | ||
| 350 | _a0 | ||
| 490 |
_aDoE News Release _vNo 462 24 July 1991, 2 pages |
||
| 520 | _aThe house renovation grants system, introduced by the Local Government and Housing Act 1989 , is to be reviewed. | ||
| 650 | _aDISABLED FACILITIES GRANT | ||
| 650 | _aGRANTS | ||
| 690 | _aHOUSING | ||
| 942 | _n0 | ||
| 948 | _c04/03/1997 | ||
| 999 |
_c31585 _d31585 |
||